| 000 | 00788cab a2200241 4500 | ||
|---|---|---|---|
| 001 | WB2913-30 | ||
| 008 | 090401t1993 xxu||||| |||| 00| 0 eng d | ||
| 035 | _a(Sirsi) u40194 | ||
| 041 | _aeng | ||
| 245 | _aInterim planning guidance for opencast | ||
| 260 | _c1993 | ||
| 350 | _a0 | ||
| 490 |
_aDoE News Release _v(212) 25 March 1993 (4) |
||
| 520 | _aInterim planning guidance for the handling of planning applications for opencast coal have been announced by the SoS for the Environment, pending a full revision of MPG3. | ||
| 650 | _aCOAL MINING | ||
| 650 | _aMINERAL PLANNING GUIDANCE NOTE 3 | ||
| 650 | _aOPENCAST COAL | ||
| 650 | _aPLANNING APPLICATIONS | ||
| 690 | _aMINING AND MINERALS | ||
| 690 | _aPLANNING LAW AND PRACTICE | ||
| 942 | _n0 | ||
| 948 | _c04/03/1997 | ||
| 999 |
_c25748 _d25748 |
||